Mapa světa politická mapa : mierka 1:40000000

Gespeichert in:
Bibliographische Detailangaben
Format: Buch
Sprache:Tschechisch
Veröffentlicht: Praha Geodetický a kartografický podnik 1985
Ausgabe:5. vyd.
Tags: Tag hinzufügen
Keine Tags, Fügen Sie das erste Tag hinzu!

MARC

LEADER 00000nam a2200000 4500
001 c109960
005 20230718081038.0
041 0 |a cze 
044 |a CZ 
245 1 0 |a Mapa světa  |b politická mapa : mierka 1:40000000 
250 |a 5. vyd. 
264 1 |a Praha  |b Geodetický a kartografický podnik  |c 1985